000 01004pam a2200301 a 4500
001 4433410
003 OSt
005 20140310182257.0
008 940825s1994 nyu 000 1 eng
010 _a 94024663
020 _a9780002244688
_c$24.00 ($31.00 Can.)
040 _aDLC
_cDLC
_dDLC
043 _ae-uk---
050 0 0 _aPR 6054
_b.D324 1994
082 0 0 _aFIC
_bD36f 1994
100 1 _aDeighton, Len,
_d1929-
_920434
245 1 0 _aFaith /
_cLen Deighton.
250 _a1st U.S ed.
260 _aNew York :
_bHarperCollins Publishers,
_cc1994.
300 _avi, 337 p. ;
_c25 cm.
650 0 _aSamson, Bernard (Fictitious character)
_xFiction.
_920435
650 0 _aIntelligence service
_zGreat Britain
_xFiction.
_920436
655 7 _aSpy stories.
_2gsafd
_94765
906 _a7
_bcbc
_corignew
_d1
_eocip
_f19
_gy-gencatlg
942 _2lcc
_cBK-FIC
_kFIC
999 _c11502
_d11502